Statistics for Lana Del Rey - Text Book Lyrics

Click here to take the quiz!

General Stats

  • This quiz has been taken 24 times
  • The average score is 341 of 387

Answer Stats

Answer% Correct
a
100%
be
100%
call
100%
could
100%
Could
100%
father
100%
for
100%
free
100%
go
100%
guess
100%
had
100%
I
100%
It
100%
it
100%
love
100%
men
100%
my
100%
Old
100%
old
100%
textbook
100%
the
100%
then
100%
too
100%
want
100%
was
100%
we
100%
with
100%
With
100%
back
93%
back?
93%
"Black
93%
dance
93%
didn't
93%
different
93%
do
93%
Do
93%
even
93%
He
93%
history
93%
I'll
93%
I'm
93%
like
93%
Lives
93%
lookin'
93%
Matter"
93%
Maybe
93%
maybe
93%
me
93%
myself
93%
never
93%
screamin'
93%
set
93%
this
93%
wanted
93%
way
93%
were
93%
we're
93%
who
93%
You
93%
you
93%
And
87%
and
87%
couldn't
87%
daddy
87%
girl
87%
got
87%
have
87%
her
87%
him
87%
in
87%
In
87%
is
87%
issue
87%
just
87%
know
87%
Let's
87%
Man
87%
man
87%
not
87%
of
87%
one
87%
or
87%
our
87%
rewrite
87%
River
87%
see
87%
that
87%
there
87%
things
87%
Thunderbird
87%
wish
87%
You've
87%
again?
80%
All
80%
all
80%
already
80%
am
80%
appropriate
80%
arms
80%
Brentwood
80%
but
80%
But
80%
crowd
80%
found
80%
friends
80%
get
80%
knew
80%
life
80%
most
80%
much
80%
saw
80%
shining
80%
stars
80%
them
80%
think
80%
thought
80%
touched
80%
why
80%
blonde
73%
blue
73%
By
73%
detriment
73%
easily
73%
end
73%
felt
73%
God
73%
if
73%
jealous
73%
now
73%
oh
73%
only
73%
open
73%
People
73%
right
73%
say
73%
screamed
73%
seemed
73%
us
73%
Without
73%
without
73%
wonderin'
73%
Would
73%
year
73%
you'd
73%
your
73%
ah
67%
alike
67%
at
67%
At
67%
before
67%
Finally
67%
finally
67%
keeps
67%
make
67%
met
67%
really
67%
smile
67%
so
67%
Standin'
67%
that'll
67%
knife
60%
nights
60%
Other
60%
rollin'
60%
sleepless
60%
splendor
60%
stick
60%
these
60%

Score Distribution

Percentile by Number Answered

Percent of People with Each Score

Your Score History

You have not taken this quiz